LEADER 01575nam a2200301 i 4500 001 000000237152 003 CaOOAMICUS 005 20141218000000.0 008 141218s2014 it u000 u ita u 013 $a216057 020 $a978-88-215-9013-9 040 $aSeMil$bita 100 1 $aChaillot, Christine <1950- >.$0(OLS)http://semarc/name/80890 240 10$aVie et spiritualité des églises orthodoxes orientales : des traditions syriaque, arménienne, copte et éthiopienne.$0(OLS)http://semarc/title/337999 245 10$aVita e spiritualità delle chiese ortodosse orientali :$bdella tradizione siriaca, armena, copta ed etiopica /$cChristine Chaillot. 260 $aCinisello Balsamo :$bSan Paolo,$c2014. 300 $a510 p. ;$c23 cm. 490 0 $aL'abside : saggi di teologia ;$v72 650 4$aChiesa Ortodossa - Liturgia.$0(OLS)http://semarc/subject/17392 650 4$aChiese ortodosse - Storia.$0(OLS)http://semarc/subject/28623 650 4$aChiese orientali - Spiritualità.$0(OLS)http://semarc/subject/33443 830 2$aL'abside ;$v72.$0(OLS)http://semarc/title/648 850 $aSeMil 852 $aSeMil$W1$xVenegono$y1$m2M VII 72$j187498$B187498$CSeMilBibl$Z2$F198424 $81 961 $aSottoscrizione: San Paolo 996 $6020$a978-88-215-9013-9$9(OLS)http://semarc/number/242494 996 $6245$aVita e spiritualità delle chiese ortodosse orientali :$bdella tradizione siriaca, armena, copta ed etiopica$9(OLS)http://semarc/title/337998 996 $6260$aCinisello Balsamo :$bSan Paolo$9(OLS)http://semarc/publisher/30129 LEADER 01584nas a2200337 i 4500 001 000000238778 003 CaOOAMICUS 005 20150216000000.0 008 150216b1992 it uu u0 0ita r 013 $a217683 040 $aSeMil$bita 245 10$aViverecomeperchè :$b1. anno. Corso base per catechisti parrocchiali e adulti cristiani. 260 $aBologna :$bEDB,$c1992. 300 $a10 fascicoli ;$c22 cm. 500 $aIn custodia. 650 4$aCredo cattolico.$0(OLS)http://semarc/subject/3362 773 0 $tEvangelizzare.$dBologna : EDB, 1976-2014.$w()2273 774 0 $t"Fratelli che cosa dobbiamo fare? Una morale vale l'altra? - 15 p. - Titolo dalla copertina.$w()284151 774 0 $tLegge fu data per mezzo di Mosè".$w()284152 774 0 $tGrazia venne per mezzo di Gesù".$w()284153 774 0 $t"Siete rinati dallo Spirito".$w()284154 774 0 $t"Si riunirono... per esaminare il problema".$w()284155 774 0 $t"Chiamati a una vocazione santa".$w()284156 774 0 $t"Perchè credendo abbiate la vita".$w()284157 774 0 $t"Insegnami Signore le tue vie".$w()284158 774 0 $t"Dal di dentro... cioè dal cuore dell'uomo".$w()284159 774 0 $t"Ciascuno metta a servizio... la grazia ricevuta".$w()284160 850 $aSeMil 852 $aSeMil$W1$xVenegono$y1$m137 3 18-19/S$j189124$B189124$CSeMilBibl$Z2$F199954 $85 996 $6245$aViverecomeperchè :$b1. anno. Corso base per catechisti parrocchiali e adulti cristiani$9(OLS)http://semarc/title/340188 996 $6260$aBologna :$bEDB$9(OLS)http://semarc/publisher/29669